Escalas de equivalencia y cambios en el nivel de bienestar de los hogares de la Ciudad de Buenos Aires (Registro nro. 28815)
[ vista simple ]
| 000 -LEADER | |
|---|---|
| fixed length control field | 00414 a2200109 4500 |
| 001 - CONTROL NUMBER | |
| control field | ART_24047 |
| 005 - DATE AND TIME OF LATEST TRANSACTION | |
| control field | 20260410161933.0 |
| 008 - FIXED-LENGTH DATA ELEMENTS--GENERAL INFORMATION | |
| fixed length control field | 260409a |
| 100 1# - MAIN ENTRY--PERSONAL NAME | |
| Personal name | Berges, Miriam |
| 245 10 - TITLE STATEMENT | |
| Title | Escalas de equivalencia y cambios en el nivel de bienestar de los hogares de la Ciudad de Buenos Aires |
| 773 0# - HOST ITEM ENTRY | |
| Title | Revista de Economía Política de Buenos Aires |
| Related parts | - Año 5, Nº 9/10 (nov. 2011) |
| Record control number | REV23982 |
No hay ítems disponibles.